000 01480nam a2200325 a 4500
003 Mxchpua
005 20250122123254.0
007 ta
008 250120s2023 mx bdo|fs|||| 001 0 spa d
040 _amxchpua
090 _aT.C.936
_bE87 EIUPA
_c2023
245 1 _aEmpresa “Rosita Beer Company”, Alcover, Cataluña, España /
_ccoordinador Alfredo Espejel Zaragoza ; colaboradores Leonardo Daniel Antonio Aburto...[y otros]
260 _aChapingo, México :
_bEl autor,
_c2023
300 _a1 recurso en línea (101 páginas) :
_bmapas, gráficas, diagramas, tablas, fotos
336 _2rdacontent
_aTexto
_btxt
337 _2rdamedia
_acomputadora
_bc
338 _2rdacarrier
_arecurso en línea
_bcr
500 _aGrado 7° ; Grupo 3
502 _aViaje de Estudios
_b(EIUPA) --
_cUACh. Departamento de Ingeniería Agroindustrial,
_d2023
504 _aBibliografía: página 82
650 1 3 _aCalidad de la cerveza
_9185249
_zEspaña
_zCataluña
650 1 3 _aElaboración de cerveza
_9154862
_zEspaña
_zCataluña
650 1 7 _aIndustria cervecera
_957799
_zEspaña
_zCataluña
650 1 3 _aBeer quality
_9185250
_zSpain
_zCataluña
650 1 3 _aBrewing
_9154861
_zSpain
_zCataluña
650 1 3 _aBrewing industry
_9151423
_zSpain
_zCataluña
700 1 _aEspejel Zaragoza, José Alfredo
_9151219
_ecoordinador
700 1 _aAntonio Aburto, Leonardo Daniel
_9189838
_ecolaborador
856 4 0 _uhttp://10.13.5.2/ve/TC936_EIUPA/TC936_EIUPA_2023-REPORTE.pdf
_yDESCARGAR REPORTE
999 _c220340
_d220340